Vista normal
Vista MARC
Entrada Materia (personas)
Número de registros utilizados en: 9
001 - CONTROL NUMBER
- control field: 32999
003 - CONTROL NUMBER IDENTIFIER
- control field: Co-BoUCM
005 - DATE AND TIME OF LATEST TRANSACTION
- control field: 20130318115905.0
008 - FIXED-LENGTH DATA ELEMENTS
- fixed length control field: 130318|| aca||aabn | a|a d
040 ## - CATALOGING SOURCE
- Original cataloging agency: Co-BoUCM
- Transcribing agency: Co-BoUCM
100 ## - HEADING--PERSONAL NAME
- Personal name: Quevedo y Villegas, Francisco de
- Dates associated with a name: 1580-1645
670 ## - SOURCE DATA FOUND
- Source citation: Work cat.: (Co-BoUCM)32068: Quevedo y Villegas, Francisco de 1580-1645, La vida del buscón llamado don Pablos, 1969